Statistics for Region to Country - Multiple Choice

Click here to take the quiz!

General Stats

  • This quiz has been taken 45 times
  • The average score is 13 of 15

Answer Stats

QuestionAnswer% Correct
HollandNetherlands
100%
CataloniaSpain
100%
CaliforniaUnited States
100%
QueenslandAustralia
98%
BavariaGermany
98%
SicilyItaly
98%
HokkaidōJapan
95%
WalloniaBelgium
91%
BrittanyFrance
88%
JejuSouth Korea
79%
CorsicaFrance
74%
AlmatyKazakhstan
70%
AcehIndonesia
60%
BaluchistanPakistan
56%
TransnistriaMoldova
51%

Score Distribution

Percentile by Number Answered

Percent of People with Each Score

Your Score History

You have not taken this quiz